Vista normal
Vista MARC
- Lenguaje-
Entrada Materia
Número de registros utilizados en: 1
001 - NÚMERO DE CONTROL
- campo de control: 1796
003 - IDENTIFICADOR DEL NÚMERO DE CONTROL
- campo de control: ES-MaFIAP
005 - FECHA Y HORA DE LA ÚLTIMA TRANSACCIÓN
- campo de control: 20231128100745.0
008 - DATOS DE LONGITUD FIJA
- campo de control de longitud fija: 231128|| aca||aabn | a|a d
040 ## - FUENTE DE LA CATALOGACIÓN
- Centro catalogador/agencia de origen: ES-MaFIAP
- Centro/agencia transcriptor: ES-MaFIAP
150 ## - ENCABEZAMIENTO--TÉRMINO DE MATERIA
- Término de materia o nombre geográfico como elemento de entrada: Lenguaje-
- Subdivisión general: Trastornos-
- Subdivisión general: Congresos
670 ## - FUENTE DE DATOS ENCONTRADOS
- Cita de la fuente: Work cat.: (ES-MaFIAP)663: Asociación Española de Logopedia, Foniatría y Audiología. Congreso ( 16. 1990. Salamanca) 1795, Ponencias y comunicaciones del "16 Congreso Nacional de AELFA" : , 1990





